|
|
|
|
| LEADER |
02448nam a2200565 a 4500 |
| 001 |
nkc20061695703 |
| 003 |
CZ PrNK |
| 005 |
20070907084316.0 |
| 007 |
ta |
| 008 |
061101s2006 xr f 000 0 cze |
| 015 |
|
|
|a cnb001695703
|
| 020 |
|
|
|a 80-210-4121-8
|q (brož.)
|
| 035 |
|
|
|a (OCoLC)124089059
|
| 040 |
|
|
|a ABA001
|b cze
|
| 072 |
|
7 |
|a 339.7/.9
|x Světová ekonomika a mezinárodní finance
|2 Konspekt
|9 4
|
| 080 |
|
|
|a 327
|2 MRF
|
| 080 |
|
|
|a 339.9
|2 MRF
|
| 080 |
|
|
|a 327(100)
|2 MRF
|
| 080 |
|
|
|a (048.8)
|2 MRF
|
| 245 |
0 |
0 |
|a Mezinárodní politická ekonomie /
|c Oldřich Krpec, Pavel Pšeja (eds.) ; Martin Hrabálek ... [et al.]
|
| 250 |
|
|
|a 1. vyd.
|
| 260 |
|
|
|a Brno :
|b Masarykova univerzita, Mezinárodní politologický ústav,
|c 2006
|
| 300 |
|
|
|a 159 s. ;
|c 20 cm
|
| 490 |
1 |
|
|a Studie ;
|v sv. č. 44
|
| 500 |
|
|
|a 300 výt.
|
| 504 |
|
|
|a Obsahuje bibliografie a bibliografické odkazy
|
| 650 |
0 |
7 |
|a mezinárodní vztahy
|7 ph137626
|2 czenas
|
| 650 |
0 |
7 |
|a mezinárodní hospodářské vztahy
|7 ph115282
|2 czenas
|
| 650 |
0 |
7 |
|a světová ekonomika
|7 ph116359
|2 czenas
|
| 650 |
0 |
7 |
|a světová politika
|7 ph126325
|2 czenas
|
| 650 |
0 |
9 |
|a international relations
|2 eczenas
|
| 650 |
0 |
9 |
|a international economic relations
|2 eczenas
|
| 650 |
0 |
9 |
|a world economics
|2 eczenas
|
| 650 |
0 |
9 |
|a world politics
|2 eczenas
|
| 655 |
|
7 |
|a monografie
|7 fd132842
|2 czenas
|
| 655 |
|
9 |
|a monographs
|2 eczenas
|
| 700 |
1 |
|
|a Krpec, Oldřich,
|d 1978-
|7 mzk2007382187
|4 edt
|4 aut
|
| 700 |
1 |
|
|a Pšeja, Pavel,
|d 1970-
|7 xx0008734
|4 edt
|4 aut
|
| 700 |
1 |
|
|a Hrabálek, Martin,
|d 1980-
|7 js20060908011
|4 aut
|
| 810 |
2 |
|
|a Masarykova univerzita.
|b Mezinárodní politologický ústav.
|t Studie
|0 s
|
| 910 |
2 |
|
|a BOA001
|b 2-1180.495
|
| 990 |
|
|
|a BK
|
| 995 |
|
|
|a 01
|
| 991 |
|
|
|b 200702
|c NOV
|
| 996 |
6 |
|
|b 2610300659
|c 2-1180.495
|l MZK
|r Sklad / do 1 hodiny
|n 3
|p p.v.
|w 000839382
|u 000010
|a 1
|e BOA001
|j MZK50
|s P
|
| 996 |
7 |
|
|b 2610300660
|c 2-1180.495
|l MZK
|r Sklad / do 1 hodiny
|n 21
|p p.v.
|w 000839382
|u 000020
|a 1
|e BOA001
|j MZK50
|s A
|
| 996 |
7 |
|
|b 2610313305
|c 2-1180.495
|l MZK
|r Sklad / do 1 hodiny
|n 18
|p kup
|w 000839382
|u 000030
|a 1
|e BOA001
|j MZK50
|s A
|
| 996 |
7 |
|
|b 2610313306
|c 2-1180.495
|l MZK
|r Sklad / do 1 hodiny
|n 19
|p kup
|w 000839382
|u 000040
|a 1
|e BOA001
|j MZK50
|s A
|
| 996 |
7 |
|
|b 2610319260
|c 2-1180.495
|l MZK
|r Sklad / do 1 hodiny
|n 18
|p kup
|w 000839382
|u 000050
|a 1
|e BOA001
|j MZK50
|s A
|
| 996 |
7 |
|
|b 2610319261
|c 2-1180.495
|l MZK
|r Sklad / do 1 hodiny
|n 13
|p kup
|w 000839382
|u 000060
|a 1
|e BOA001
|j MZK50
|s A
|